000
00296nam a22001457a 4500
008
210518b ||||| |||| 00| 0 eng d
020
_a
2901457650504
041
_a
eng
080
_a
82
082
_a
82
100
_a
21
101
_a
GJL
245
_a
Literature
_c
Meyer,M
942
_2
udc
_c
BK
999
_c
57415
_d
57415